Sócrates /

El autor describe la vida de Sócrates, analiza su posición en el acontecer histórico-social de Grecia y expone los múltiples problemas éticos, filosóficos, políticos y religiosos que surgen de las ideas del pensador griego.

Uloženo v:
Podrobná bibliografie
Hlavní autor: Mondolfo, Rodolfo (autor)
Médium: Kniha
Jazyk:španělština
Vydáno: Buenos Aires, Argentina : EUDEBA, 1971, c1955
Edice:(Cuadernos de Eudeba ; 8)
Témata:
Tagy: Přidat tag
Žádné tagy, Buďte první, kdo vytvoří štítek k tomuto záznamu!

MARC

LEADER 00000nam^a2200000^a^4500
001 000127032
005 20250521000000.0
009 20260310094747.726
037 |a Acervo ITESO - Biblioteca 
041 |a ESP 
082 |a 140. 92  |b MON 
100 |a Mondolfo, Rodolfo  |e (autor) 
245 1 0 |a Sócrates /  |c R. Mondolfo. 
264 4 |a Buenos Aires, Argentina :  |b EUDEBA,  |c 1971, c1955 
300 |a 151 p. 
336 |a texto  |b txt  |2 rdacontenido 
337 |a sin mediación  |b n  |2 rdamedio 
338 |a volumen  |b nc  |2 rdasoporte 
440 1 |a (Cuadernos de Eudeba ;  |v 8) 
520 |a El autor describe la vida de Sócrates, analiza su posición en el acontecer histórico-social de Grecia y expone los múltiples problemas éticos, filosóficos, políticos y religiosos que surgen de las ideas del pensador griego. 
649 |a XX 
650 |a Filósofos Griegos -  |x Biografías 
650 |a Socráticos 
650 |a Filosofía Griega -  |x Historia y Crítica 
650 |a Filosofía Clásica -  |x Historia y Crítica 
650 |a Sócrates 
910 |a Fondo Salvador Reynoso Reynoso 
920 |a Impresos - Libros 
930 |a Fondos Especiales 
905 |a 112 
901 |a 0800009109  |b IT2  |c ESP  |u 20250521 
902 |a https://opac.biblio.iteso.mx/vufind/Record/000127032